Statistics for Compounds by molecular formula

Click here to take the quiz!

General Stats

  • This quiz has been taken 71 times
  • The average score is 9 of 15

Answer Stats

HintAnswer% Correct
NaClSodium chloride
96%
HClHydrochloric acid
87%
LiBrLithium Bromide
84%
CH4Methane
84%
H2SO4Sulphuric/sulfuric acid
80%
O3Ozone
78%
C2H6Ethane
58%
C2H5OHEthanol
58%
CH3OHMethanol
53%
C3H6Propene/cyclopropane
47%
H2SO3Sulfurous acid
44%
HCNHydrogen cyanide
40%
CH3ClChloromethane
38%
C2H2Ethyne/acetylene
38%
C60/C70Fullerene
29%

Score Distribution

Percentile by Number Answered

Percent of People with Each Score

Your Score History

You have not taken this quiz